00659nam a22002417a 45000010005000000030006000050050017000110080041000280200018000690400029000870500008001160820008001241000017001322450052001492600036002013000049002374900027002865050009003135210020003225210020003426500025003627000030003873149FISKH20251010110227.0240214b cb ||||| |||| 00| 0 eng d a9780545152297 aFISKHbengcFISKHdFISKH aPZ7 a678 aNelson, May  aBend it, stretch it :bRubber /cby May Nelson  aNew York : bScholastic ,c2008 a28 pages : bcolor illustrations ;c22 cm .  a Investigate Materials aG 8 a390 bLexile 8 aG bRaz-Plus  arubber vnon-fiction aLam, Amyecover designer